The metaphysics / (Record no. 371)
[ view plain ]
| 000 -LEADER | |
|---|---|
| fixed length control field | 00856pam a22002895a 4500 |
| 001 - CONTROL NUMBER | |
| control field | 1013394 |
| 005 - DATE AND TIME OF LATEST TRANSACTION | |
| control field | 20200421093827.0 |
| 008 - FIXED-LENGTH DATA ELEMENTS--GENERAL INFORMATION | |
| fixed length control field | 990512s1998 enk 000 0 eng |
| 015 ## - NATIONAL BIBLIOGRAPHY NUMBER | |
| National bibliography number | GB98-77189 |
| 016 7# - NATIONAL BIBLIOGRAPHIC AGENCY CONTROL NUMBER | |
| Record control number | 0140446192 |
| Source | Uk |
| 020 ## - INTERNATIONAL STANDARD BOOK NUMBER | |
| International Standard Book Number | 0140446192 |
| 035 ## - SYSTEM CONTROL NUMBER | |
| System control number | (Uk)gb 98077189 |
| 040 ## - CATALOGING SOURCE | |
| Original cataloging agency | UkOxU |
| Transcribing agency | UkOxU |
| Modifying agency | Uk |
| 041 1# - LANGUAGE CODE | |
| Language code of text/sound track or separate title | eng |
| Language code of original | grc |
| 100 0# - MAIN ENTRY--PERSONAL NAME | |
| Personal name | Aristotle. |
| 9 (RLIN) | 1402 |
| 245 14 - TITLE STATEMENT | |
| Title | The metaphysics / |
| Statement of responsibility, etc. | Aristotle ; translated with an introduction by Hugh Lawson-Tancred. |
| 260 ## - PUBLICATION, DISTRIBUTION, ETC. | |
| Place of publication, distribution, etc. | London : |
| Name of publisher, distributor, etc. | Penguin, |
| Date of publication, distribution, etc. | 1998. |
| 300 ## - PHYSICAL DESCRIPTION | |
| Extent | lviii, 459 p. ; |
| Dimensions | 20 cm. |
| 490 0# - SERIES STATEMENT | |
| Series statement | Penguin classics |
| 546 ## - LANGUAGE NOTE | |
| Language note | Translated from the ancient Greek. |
| 600 00 - SUBJECT ADDED ENTRY--PERSONAL NAME | |
| Personal name | Aristotle |
| General subdivision | Translations into English. |
| 650 #0 - SUBJECT ADDED ENTRY--TOPICAL TERM | |
| Topical term or geographic name entry element | Philosophy, Ancient. |
| 700 1# - ADDED ENTRY--PERSONAL NAME | |
| Personal name | Lawson-Tancred, H. C. |
| Fuller form of name | (Hugh C.) |
| 942 ## - ADDED ENTRY ELEMENTS (KOHA) | |
| Source of classification or shelving scheme | Dewey Decimal Classification |
| Koha item type | Books |
| 956 ## - LOCAL ELECTRONIC LOCATION AND ACCESS (OCLC) | |
| Host name | NLS |
| Withdrawn status | Lost status | Damaged status | Not for loan | Collection | Home library | Current library | Shelving location | Date acquired | Barcode | Date last seen | Price effective from | Koha item type |
|---|---|---|---|---|---|---|---|---|---|---|---|---|
| Reference | Centerville | Centerville | General stacks | 09/04/2014 | 39999000016253 | 09/04/2014 | 09/04/2014 | Books | ||||
| Reference | Fairview | Fairview | General stacks | 09/04/2014 | 39999000016291 | 09/04/2014 | 09/04/2014 | Books | ||||
| Reference | Midway | Midway | General stacks | 09/04/2014 | 39999000016277 | 09/04/2014 | 09/04/2014 | Books |